Real writing - học tiếng Anh qua thực tế Học tiếng Anh qua các tình huống thực tế / trinhf độ trung cấp

Saved in:
Bibliographic Details
Other Authors: Nguyễn Thành Yến (dịch)
Format: Book
Published: HCM : NXB HCM, 1998.
Subjects:
Tags: Add Tag
No Tags, Be the first to tag this record!
Institutions: Mạng thư viện Đại học Đà Nẵng
LEADER 01054nam a22002531a 4500
001 000037964
003 14259
005 20210128160728.0
008 160412s1998 000
082 |a 428.4  |b RE-W 
245 0 |a Real writing - học tiếng Anh qua thực tế  |n trinhf độ trung cấp  |b Học tiếng Anh qua các tình huống thực tế /  |c David Mendelsohn, Joan Beyers, Maureen McNerney, Marian Tyacke, Michael Carrier, Nguyễn Thành Yến dịch và chú giải. 
260 |a HCM :  |b NXB HCM,  |c 1998. 
300 |a 163p. :  |b mh . ;  |c 1998. 
650 |a Functional writing  |e writing 
700 |a Nguyễn Thành Yến  |e dịch 
OWN |a LNN 
902 |a TKA 
AVA |a UDN50  |b LNN  |c English  |e available  |t Error 5001 Not defined in file expand_doc_bib_avail.  |f 1  |g 0  |h N  |i 0  |j AN 
999 |a From the UDN01 
AVA |a UDN50  |b LNN  |c English  |e available  |t Error 5001 Not defined in file expand_doc_bib_avail.  |f 1  |g 0  |h N  |i 0  |j AN 
TYP |a Monograph 
980 |a Mạng thư viện Đại học Đà Nẵng